| 000 | 00435nam a2200145 a 4500 | ||
|---|---|---|---|
| 001 | 000033312 | ||
| 005 | 20200930070153.0 | ||
| 008 | 110823s19uu dr 000 0 spa d | ||
| 040 |
_aDO-SdBNP _bspa _cBNPHU |
||
| 100 | 1 |
_aCaminero Sánchez, Mario _958909 |
|
| 245 | 1 | 0 |
_aSueños de opio / _cMario Caminero Sánchez. |
| 260 |
_cSan Pedro de Macoris, República Dominicana: _bImp. Cervantes. |
||
| 300 |
_a64 p. ; _c23 cm. |
||
| 049 | _aBNPD | ||
| 999 |
_c32803 _d32803 |
||